Score 0/35 Timer 04:00
4 Plays Today
Clue 4 Letter Word % Correct
♫ I don't ___ what I'm to say ♫KNOW
97%
___ and Let Die, James Bond filmLIVE
96.1%
Nasal drippingSNOT
95.6%
Chimney residueSOOT
95.4%
♫ I'll be coming for your ___, OK? ♫LOVE
94.5%
30.48 cmFOOT
93.9%
Alcohol made with grapesWINE
93.9%
A sum of money paid as a penaltyFINE
93.6%
Singular, like a famous RangerLONE
92.8%
Text styleFONT
92.6%
Bowline or Half Hitch, e.g.KNOT
92.6%
Division of a roadLANE
92.5%
Huron or Ontario, e.g.LAKE
92%
♫ ___ on me ♫TAKE
91%
DomesticatedTAME
90.4%
Famous ___, Enid Blyton book seriesFIVE
90.3%
The pitch of a voiceTONE
90%
♫ Today's another day to ___ you ♫FIND
89.9%
Clue 4 Letter Word % Correct
Cherished with affection FOND
89.7%
Large bookTOME
88.3%
Thin metal threadWIRE
88.2%
Often found on birdsWING
86.7%
Move slowly from side to sideSWAY
81.6%
♫ But I'll be stumbling ___AWAY
76.7%
Slender and sinewy, lean and strongWIRY
74%
♫ I'll be ___ in a day or two ♫GONE
71.5%
Light and breezyAIRY
70.2%
Doctor Strange's MCU sidekickWONG
69%
A resonating metal dishGONG
68.5%
Burgled goods, informallySWAG
68.2%
Off the expected courseAWRY
67.5%
♫ It's no better to be ___ than sorry ♫SAFE
65.3%
Antonym of madSANE
60.2%
French for bloodSANG
52.7%
Leafy Indian dishSAAG
47.7%

Today's Daily Dose

Missing Word
TV NA - NZ

Word Ladder
Neck and Neck

Quick Pick
'Q' Places

You're not logged in!

Compare scores with friends on all Sporcle quizzes.
OR
Log In

Sporcle TV

Today on Sporcle TV


Watch our educational content, quiz creation guides, and fun videos on Sporcle TV.

Show Comments

Extras

Top Quizzes Today


Score Distribution

Paid Content

Your Account Isn't Verified!

In order to create a playlist on Sporcle, you need to verify the email address you used during registration. Go to your Sporcle Settings to finish the process.

Report this User

Report this user for behavior that violates our Community Guidelines.

Details: